00286 a2200133 450000100060000002000060000604000220001210000310003424000290006524500240009430000080011836200090012665000170013560583 a  cAnchieta - Pituba aCravalho Neto, Zeferino de10aE agora, professor?lpor10aE agora, professor? a2400 a1997 4aEducação